000 00307nam a22001337a 4500
008 171104b xxu||||| |||| 00| 0 eng d
020 _a9780071625364
041 _aeng
080 _a339.138
100 _a61
101 _aMKT
245 _aTHE NEXT EVOLUTION OF MARKETING
_cGILBREATH, B
942 _2udc
_cBK
999 _c37618
_d37618